ARRUPE JESUIT UNIVERSITY

CORONAVIRUS -STOP THE SPREAD - CLEAN,DISINFECT,COVER

A concrete approach to abstract algebra. (Record no. 123800)

MARC details
000 -LEADER
fixed length control field 00719cam a22002531 4500
001 - CONTROL NUMBER
control field 1543973
003 - CONTROL NUMBER IDENTIFIER
control field ARRUPE
005 - DATE AND TIME OF LATEST TRANSACTION
control field 20151116150905.0
008 - FIXED-LENGTH DATA ELEMENTS--GENERAL INFORMATION
fixed length control field 720121s1959 caua 000 0 eng
010 ## - LIBRARY OF CONGRESS CONTROL NUMBER
LC control number 59010215 /L/r85
015 ## - NATIONAL BIBLIOGRAPHY NUMBER
National bibliography number GB59-10887
035 ## - SYSTEM CONTROL NUMBER
System control number (OCoLC)ocm00523928
035 ## - SYSTEM CONTROL NUMBER
System control number (NNC)1543973
040 ## - CATALOGING SOURCE
Original cataloging agency DLC
Transcribing agency DLC
Modifying agency UKM
-- ZCU
050 00 - LIBRARY OF CONGRESS CALL NUMBER
Classification number QA266
Item number .S28
082 00 - DEWEY DECIMAL CLASSIFICATION NUMBER
Classification number 512.8
300 ## - PHYSICAL DESCRIPTION
Other physical details illus.
Dimensions 19 cm.
100 1# - MAIN ENTRY--PERSONAL NAME
Personal name Sawyer, W. W.
Fuller form of name (Walter Warwick),
Dates associated with a name 1911-2008.
9 (RLIN) 21122
245 12 - TITLE STATEMENT
Title A concrete approach to abstract algebra.
Statement of responsibility, etc by Sawyer, W. W.
260 ## - PUBLICATION, DISTRIBUTION, ETC. (IMPRINT)
Place of publication, distribution, etc San Francisco,
Name of publisher, distributor, etc W. H. Freeman,
Date of publication, distribution, etc 1959.
300 ## - PHYSICAL DESCRIPTION
Extent 233 p.
650 #0 - SUBJECT ADDED ENTRY--TOPICAL TERM
Topical term or geographic name as entry element Algebra, Abstract.
9 (RLIN) 15431
942 ## - ADDED ENTRY ELEMENTS (KOHA)
Source of classification or shelving scheme Library of Congress Classification
Koha item type Monograph ( Printed materials)
Holdings
Withdrawn status Lost status Source of classification or shelving scheme Damaged status Not for loan Collection code Home library Current library Shelving location Date acquired Total Checkouts Full call number Barcode Date last seen Price effective from Koha item type
    Library of Congress Classification     Main Collection ARRUPE LIBRARY ARRUPE LIBRARY Main Collection 16/11/2015   QA266.S28 46500005770 02/07/2019 16/11/2015 Monograph ( Printed materials)

 

Arrupe Library. PO Box MP320 Mt Pleasant, Harare, Zimbabwe
263 242 745411|librarian@aju.ac.zw